| 000 | 00574nam a22001937a 4500 | ||
|---|---|---|---|
| 003 | OSt | ||
| 005 | 20260110011917.0 | ||
| 008 | 260110b |||||||| |||| 00| 0 eng d | ||
| 020 | _a 978-7802-800630 | ||
| 040 |
_aDWC-Main lib _cOC |
||
| 082 | _aCirc. 910.202 L963s 2008 | ||
| 100 | _aLi, Lingyun | ||
| 245 |
_a Strolling the streets of Beijing/ _cLi, Lingyun |
||
| 260 |
_aChina _b pictorial publishing house , _c c2008. |
||
| 300 |
_a 110 pages : _b illustrations ; _c22cm. |
||
| 650 | _a1. China-- Beijing | ||
| 650 | _a2. Travel | ||
| 942 |
_2ddc _cBK-CIRC _kCirc. _n0 |
||
| 999 |
_c7239 _d7239 |
||